| 000 | 00856nam a2200241Ia 4500 | ||
|---|---|---|---|
| 003 | OSt | ||
| 005 | 20220923223441.0 | ||
| 006 | a|||||r|||| 00| 0 | ||
| 007 | ta | ||
| 008 | 220922b |||||||| |||| 00| 0 hin d | ||
| 024 | _a215,839 | ||
| 037 | _cTextual | ||
| 040 |
_aARTS _cARTS _bhin |
||
| 041 |
_2hin _ahin |
||
| 082 | _aO152,2M89:g, N7 | ||
| 100 | _aशर्मा, जगन्नाथ प्रसाद | ||
| 245 | 0 | _aप्रसाद के नाटको का शास्त्रीय अध्ययन | |
| 246 | _aPrasād ke nāṭako kā shāstrīya adhyayana | ||
| 260 |
_aनई दिल्ली _b वाणी प्रकाशन _c1997 |
||
| 300 |
_a224 पृ. _ccm. |
||
| 942 |
_hO152,2M89:g, N7 _cTEXL _2CC |
||
| 999 |
_c365395 _d365395 |
||